Normal view
MARC view
- Kharal, NC Mohid Ahmed (TCC-17B)
Entry Personal Name
001 - CONTROL NUMBER
- control field: 131970
003 - CONTROL NUMBER IDENTIFIER
- control field: NUST
005 - DATE AND TIME OF LATEST TRANSACTION
- control field: 20251120134349.0
008 - FIXED-LENGTH DATA ELEMENTS
- fixed length control field: 251120|| aca||aabn | a|a d
040 ## - CATALOGING SOURCE
- Original cataloging agency: NUST
- Transcribing agency: NUST
100 ## - HEADING--PERSONAL NAME
- Personal name: Kharal, NC Mohid Ahmed (TCC-17B)
670 ## - SOURCE DATA FOUND
- Source citation: Work cat.: (NUST)188231: Kharal, NC Mohid Ahmed (TCC-17B), Mosaicing of orthorectified Images Taken By An Unmanned Aerial Vehicle (UAV) /, August ,2009
